000 01255cam a2200373 i 4500
001 200439487
999 _c200439487
_d57699
003 TR-AnTOB
005 20240912105815.0
007 ta
008 201105s2020 tu a $r01 $$$$ tturu
020 _a9786254029424
020 _a9786254029417 (e-isbn)
040 _aTR-AnTOB
_beng
_erda
_cTR-AnTOB
041 0 _atur
044 _ctu
050 1 4 _aHG3368.A8
_bO45s 2020
090 _aHG3368.A8
_bO45s 2020
100 1 _aOkka, Osman,
_d1945-
_9110808
245 1 0 _aİslami finansal yönetim :
_bsistem ve uygulama (konvansiyonel finansla mukayeseli) /
_cProf. Dr. Osman Okka, Öğr. Gör. Hasan Kazak.
250 _a1. basım: Eylül 2020
264 1 _aAnkara :
_bNobel Yayıncılık ,
_c2021.
264 4 _c©2020
300 _axxxiv, 794 pages :
_btables, graphics ;
_c30 cm
336 _2rdacontent
_atext
_btxt
337 _2rdamedia
_aunmediated
_bn
338 _2rdacarrier
_avolume
_bnc
500 _a"Yayın no: 2862"--Page facing title page.
504 _aIncludes bibliographical references and index.
650 7 _aFinans
_2etuturkob
_9129251
_zİslam ülkeleri
650 7 _aFinans (İslam hukuku)
_2etuturkob
_913410
700 1 _aKazak, Hasan
_eauthor
_9129252
942 _2lcc
_cBK